BBC Sherlock Characters Quiz Stats

 Plays Quiz not verified by Sporcle

Also try: Emmy - Comedy
Challenge
Share
Tweet
Embed
Score 0/31 Timer 05:00
0 Plays Today
Hint Answer % Correct
Sherlock Holmes
100%
John Watson
100%
Mycroft Holmes
95%
Molly Hooper
94.3%
Mrs. Hudson
93.6%
Jim Moriarty
92.9%
Detective Inspector Greg Lestrade
90.7%
Mary Morstan
90.7%
Philip Anderson
86.4%
Sally Donovan
83.6%
Irene Adler
77.9%
Charles Augustus Magnussen
67.9%
Sarah Sawyer
56.4%
Henry Knight
54.3%
Anthea
45%
Janine
43.6%
Hint Answer % Correct
Mike Stamford
42.1%
Jeff Hope
41.4%
Kitty Riley
30%
Sebastian Wilkes
28.6%
Soo Lin Yao
25%
Bill Wiggins
24.3%
Jonathan Small
15.7%
Lady Elizabeth Smallwood
15.7%
Jennifer Wilson
15.7%
Detective Inspector Dimmock
14.3%
Andrew West
10.7%
Connie Prince
10.7%
General Shan
9.3%
Robert Frankland
7.9%
Kenny Prince
5.7%

You're not logged in!

Compare scores with friends on all Sporcle quizzes.
OR
Log In

You Might Also Like...

Show Comments

Extras

Created May 3, 2015ReportNominate
Tags:Sherlock Quiz, bbc, character

Top Quizzes Today


Score Distribution

Your Account Isn't Verified!

In order to create a playlist on Sporcle, you need to verify the email address you used during registration. Go to your Sporcle Settings to finish the process.

Report this User

Report this user for behavior that violates our Community Guidelines.

Details: